Online
Catalog

Sobre rieles : (Record no. 7371)

MARC details
000 -CABECERA
campo de control de longitud fija 00901nam a2200253 a 4500
001 - NÚMERO DE CONTROL
campo de control 000007591
005 - FECHA Y HORA DE LA ÚLTIMA TRANSACCIÓN
campo de control 20250219074027.0
008 - DATOS DE LONGITUD FIJA--INFORMACIÓN GENERAL
campo de control de longitud fija 090909t2006 dr c 000 p spa d
020 ## - NÚMERO INTERNACIONAL ESTÁNDAR DEL LIBRO
ISBN cancelado o inválido 994510005X
040 ## - FUENTE DE LA CATALOGACIÓN
Centro catalogador/agencia de origen DO-SdBNP
Lengua de catalogación spa
Centro/agencia transcriptor BNPHU
082 ## - NÚMERO DE LA CLASIFICACIÓN DECIMAL DEWEY
Número de clasificación RD861.4408
Número de documento/Ítem S667r, 2006
245 00 - MENCIÓN DE TÍTULO
Título Sobre rieles :
Resto del título antología de poetas de la provincia La Romana /
Mención de responsabilidad, etc. Isael Pérez.
250 ## - MENCIÓN DE EDICIÓN
Mención de edición 3a ed.
260 ## - PUBLICACIÓN, DISTRIBUCIÓN, ETC.
Lugar de publicación, distribución, etc. Santo Domingo :
Nombre del editor, distribuidor, etc. Buho,
Fecha de publicación, distribución, etc. 2006.
300 ## - DESCRIPCIÓN FÍSICA
Extensión 270 p. :
Otras características físicas retrs ;
Dimensiones 22 cm.
500 ## - NOTA GENERAL
Nota general Incluye datos biográficos del autor en las solapas.
500 ## - NOTA GENERAL
Nota general Incluye síntesis biográficas de los autores antologados.
590 ## - NOTA LOCAL (RLIN)
Nota local Inventariado, 2019 / DG
650 #4 - PUNTO DE ACCESO ADICIONAL DE MATERIA--TÉRMINO DE MATERIA
Término de materia o nombre geográfico como elemento de entrada Poesía dominicana
Subdivisión general Colecciones
9 (RLIN) 351
650 #0 - PUNTO DE ACCESO ADICIONAL DE MATERIA--TÉRMINO DE MATERIA
Término de materia o nombre geográfico como elemento de entrada Literatura dominicana.
9 (RLIN) 67
650 #4 - PUNTO DE ACCESO ADICIONAL DE MATERIA--TÉRMINO DE MATERIA
Término de materia o nombre geográfico como elemento de entrada Poetas dominicanos
Subdivisión general Siglo xx
9 (RLIN) 21045
700 1# - PUNTO DE ACCESO ADICIONAL--NOMBRE DE PERSONA
Nombre de persona Pérez, Isael,
Fechas asociadas al nombre 1961-
Término indicativo de función/relación comp.
9 (RLIN) 1414
910 ## - DATOS DE OPCIÓN DEL USUARIO (OCLC)
Datos de opción del usuario Validado. Control de calidad EMS.
Holdings
Estado de retiro Estado de pérdida No para préstamo Código de colección Localización permanente Ubicación/localización actual Ubicación en estantería Fecha de adquisición Número de inventario Total de préstamos Signatura topográfica completa Código de barras Fecha visto por última vez Número de copia Precio válido a partir de Tipo de ítem Koha Restricciones de uso
    Excluido de préstamo Dominicana de Servicio General General Depósito 09.09.2009 LF1   RD861.4408 S667r, 2006 7591-30 25.06.2020 e. 3 25.06.2020 Libro y Folleto Colección Dominicana de Servicio  
      Dominicana de Servicio General General Depósito 18.04.2013 LF1   RD861.4408 S667r, 2006 7591-40 25.06.2020 e. 4 25.06.2020 Libro y Folleto Colección Dominicana de Servicio  
    Excluido de préstamo Patrimonio Dominicano Patrimonio Dominicano Patrimonio Dominicano Depósito 09.09.2009 LF1   RD861.4408 S667r, 2006 7591-10 25.06.2020   25.06.2020 Libro y Folleto Colección Patrimonio Dominicano  
    Excluido de préstamo Patrimonio Dominicano Patrimonio Dominicano Patrimonio Dominicano Depósito 09.09.2009 LF1   RD861.4408 S667r, 2006 7591-20 25.06.2020 e. 2 25.06.2020 Libro y Folleto Colección Patrimonio Dominicano  

Powered by Koha